LEADER 00872nam0 2200253 450 001 000015881 005 20120119165311.0 010 $a978-88-348-8605-2 100 $a20080908d2008----km-y0itay50------ba 101 0 $aita 102 $aIT 105 $ay-------001yy 200 1 $aNuove frontiere della successione necessaria$fSalvatore Aceto di Capriglia 210 $aTorino$cGiappichelli$d2008 225 2 $aComparazione e diritto civile$fdiretta da Gabriella Autorino e Pasquale Stanzione$v3 410 0$12001$aComparazione e diritto civile 610 1 $aSuccessione necessaria 676 $a346.45052$v21 700 1$aAceto di Capriglia,$bSalvatore$0282019 801 0$aIT$bUNIPARTHENOPE$c20080908$gRICA$2UNIMARC 912 $a000015881 951 $b40791$cNAVA3$d2008$aD-0148 996 $aNuove frontiere della successione necessaria$91127415 997 $aUNIPARTHENOPE LEADER 00879nam0 2200289 450 001 000018899 005 20081105154221.0 010 $a0-471-91201-8 100 $a20081105d1987----km-y0itay50------ba 101 0 $aeng 102 $aGB 105 $ay-------001yy 200 1 $aAlgorithms$etheir complexity and efficiency$fLydia Kronsjo 205 $a2nd ed 210 $aChichester$cWiley$dc1987 215 $aXIII, 363 p.$d23 cm 225 2 $aWiley series in computing 410 0$12001$aWiley series in computing 500 10$aAlgorithms$m$932608 610 1 $aAlgoritmi 676 $a511.8$v20$9Matematica. principi generali. Modelli matematici 700 1$aKronsjö,$bLydia$0491615 801 0$aIT$bUNIPARTHENOPE$c20081105$gRICA$2UNIMARC 912 $a000018899 951 $aM 511.8/5$bM 869$cDSA$d2008 996 $aAlgorithms$932608 997 $aUNIPARTHENOPE